Isla Negra : a notebook /

Bibliographic Details
Main Author: Neruda, Pablo, 1904-1973
Format: Book
Language:English
Spanish
Published: New York : Farrar, Straus and Giroux, 1981.
Edition:1st ed.

MARC

Tag First Indicator Second Indicator Subfields
LEADER 00000cam a22000008a 4500
001 in00000074837
005 20151008054809.0
008 810810s1981 nyu 00010 eng
010 |a  81012608  
020 |a 0374177597 :  |c $12.95 
035 |a (OCoLC)07734840 
035 |9 AAJ1711AM 
039 0 |a 2  |b 3  |c 3  |d 3  |e 3 
040 |a DLC  |c DLC  |d TXA  |d UtOrBLW 
041 0 |a eng  |a spa 
049 |a TXAM  |c [1442284] 
050 0 0 |a PQ8097.N4  |b M413 1981 
082 0 |a 861  |2 19 
100 1 |a Neruda, Pablo,  |d 1904-1973. 
240 1 0 |a Memorial de Isla Negra.  |l English 
245 1 0 |a Isla Negra :  |b a notebook /  |c Pablo Neruda ; translated from the Spanish by Alastair Reid ; afterword by Enrico Mario Santi. 
250 |a 1st ed. 
263 |a 8111 
264 1 |a New York :  |b Farrar, Straus and Giroux,  |c 1981. 
300 |a xviii, 415 pages ;  |c 22 cm. 
336 |a text  |b txt  |2 rdacontent 
337 |a unmediated  |b n  |2 rdamedia 
338 |a volume  |b nc  |2 rdacarrier 
500 |a English and Spanish. 
500 |a Translation of: Memorial de Isla Negra. 
999 |a MARS 
999 f f |s dc7f8c74-06b3-3566-891c-dd88d309f150  |i f84e81c2-95ab-30a1-9406-fd26d0a568e2  |t 0 
952 f f |p normal  |a Texas A&M University  |b College Station  |c Sterling C. Evans Library  |d Evans: Library Stacks  |t 0  |e PQ8097.N4 M413 1981  |h Library of Congress classification  |i unmediated -- volume  |m A14806182247 
998 f f |a PQ8097.N4 M413 1981  |t 0  |l Evans: Library Stacks